Library Banner

Problems and politics of federalism in Pakistan/ (Record no. 100598)

MARC details
000 -LEADER
fixed length control field 00436nam a22001457a 4500
005 - DATE AND TIME OF LATEST TRANSACTION
control field 20171208115407.0
008 - FIXED-LENGTH DATA ELEMENTS--GENERAL INFORMATION
fixed length control field 171208b xxu||||| |||| 00| 0 eng d
020 ## - INTERNATIONAL STANDARD BOOK NUMBER
International Standard Book Number 9698721150
040 ## - CATALOGING SOURCE
Transcribing agency PK-LaUMT
082 ## - DEWEY DECIMAL CLASSIFICATION NUMBER
Classification number PKAC 320.95491
Item number PRO-
245 ## - TITLE STATEMENT
Title Problems and politics of federalism in Pakistan/
Statement of responsibility, etc Pervaiz Iqbal Cheema(Editor)
260 ## - PUBLICATION, DISTRIBUTION, ETC. (IMPRINT)
Place of publication, distribution, etc Islamabad:
Name of publisher, distributor, etc Islamabad policy research institute,
Date of publication, distribution, etc 2006
300 ## - PHYSICAL DESCRIPTION
Extent 109 p.
942 ## - ADDED ENTRY ELEMENTS (KOHA)
Koha item type Books
Holdings
Withdrawn status Lost status Damaged status Home library Current library Date acquired Full call number Barcode Date last seen Price effective from Koha item type
      UMT Main Campus UMT Main Campus 2017-12-08 PKAC 320.95491 PRO- 116464 2017-12-08 2017-12-08 Books